|
|
|
|
| LEADER |
02484nam a2200697 i 4500 |
| 001 |
nkc20203166268 |
| 003 |
CZ PrNK |
| 005 |
20200605131637.0 |
| 007 |
ta |
| 008 |
200102s2020 xr g 000 0 cze |
| 015 |
|
|
|a cnb003166268
|
| 020 |
|
|
|a 978-80-7297-208-1
|q (brožováno)
|
| 035 |
|
|
|a (OCoLC)1200245895
|
| 040 |
|
|
|a ABA001
|b cze
|d BOA001
|e rda
|
| 041 |
1 |
|
|a cze
|h slo
|
| 072 |
|
7 |
|a 27-5
|x Liturgie. Křesťanské umění a symbolika. Duchovní život
|2 Konspekt
|9 5
|
| 080 |
|
|
|a 27-532.2
|2 MRF
|
| 080 |
|
|
|a 27-312.8
|2 MRF
|
| 080 |
|
|
|a 27-423.5
|2 MRF
|
| 080 |
|
|
|a 27-185.36
|2 MRF
|
| 080 |
|
|
|a 27-185.57
|2 MRF
|
| 080 |
|
|
|a 316.356.2
|2 MRF
|
| 080 |
|
|
|a 2-231
|2 MRF
|
| 080 |
|
|
|a (0:82-4)
|2 MRF
|
| 080 |
|
|
|a (0:82-97)
|2 MRF
|
| 080 |
|
|
|a (0:82-84)
|2 MRF
|
| 100 |
1 |
|
|a Vicenová, Mária
|4 aut
|
| 240 |
1 |
0 |
|a Krížová cesta uzdravenia rodu.
|l Česky
|
| 245 |
1 |
0 |
|a Křížová cesta za smíření v rodinách /
|c Mária Vicenová ; ze slovenského originálu Krížová cesta uzdravenia rodu ... přeložila Františka Böhmová
|
| 264 |
|
1 |
|a V Uhřicích :
|b Doron,
|c 2020
|
| 300 |
|
|
|a 58 stran ;
|c 15 cm
|
| 336 |
|
|
|a text
|b txt
|2 rdacontent
|
| 337 |
|
|
|a bez média
|b n
|2 rdamedia
|
| 338 |
|
|
|a svazek
|b nc
|2 rdacarrier
|
| 650 |
0 |
7 |
|a křížová cesta
|7 ph122161
|2 czenas
|
| 650 |
0 |
7 |
|a utrpení Ježíše Krista
|7 ph138457
|2 czenas
|
| 650 |
0 |
7 |
|a hříchy
|7 ph138460
|2 czenas
|
| 650 |
0 |
7 |
|a odpuštění
|7 ph123699
|2 czenas
|
| 650 |
0 |
7 |
|a smíření
|7 ph125729
|2 czenas
|
| 650 |
0 |
7 |
|a rodinné vztahy
|7 ph135535
|2 czenas
|
| 650 |
0 |
7 |
|a biblické citáty
|7 ph118853
|2 czenas
|
| 650 |
0 |
9 |
|a stations of the Cross
|2 eczenas
|
| 650 |
0 |
9 |
|a passion of Jesus Christ
|2 eczenas
|
| 650 |
0 |
9 |
|a sins
|2 eczenas
|
| 650 |
0 |
9 |
|a forgiveness
|2 eczenas
|
| 650 |
0 |
9 |
|a reconciliation
|2 eczenas
|
| 650 |
0 |
9 |
|a family relationships
|2 eczenas
|
| 650 |
0 |
9 |
|a Biblical quotations
|2 eczenas
|
| 655 |
|
7 |
|a úvahy
|7 fd134000
|2 czenas
|
| 655 |
|
7 |
|a modlitby
|7 fd132841
|2 czenas
|
| 655 |
|
7 |
|a citáty
|7 fd131832
|2 czenas
|
| 655 |
|
9 |
|a essays
|2 eczenas
|
| 655 |
|
9 |
|a prayers
|2 eczenas
|
| 655 |
|
9 |
|a quotations
|2 eczenas
|
| 700 |
1 |
|
|a Böhmová, Františka,
|d 1965-
|7 jx20110629001
|4 trl
|
| 910 |
2 |
|
|a BOA001
|b S-1444.638
|
| 990 |
|
|
|a BK
|
| 995 |
|
|
|a 01
|
| 991 |
|
|
|b 202005
|c NOV
|
| 996 |
6 |
|
|b 2610819259
|c S-1444.638
|l MZK
|r Sklad / do 24 hodin
|n 0
|p p.v.
|w 001792808
|u 000010
|a 1
|e BOA001
|j MZK50
|s P
|
| 996 |
7 |
|
|b 2610819260
|c S-1444.638
|l MZK
|r Sklad / do 24 hodin
|n 1
|p p.v.
|w 001792808
|u 000020
|a 1
|e BOA001
|j MZK50
|s A
|